Die 10 erfolgreichsten Filme - Buchstabe A - Statistiken

Allgemein
  • Dieses Quiz wurde 61 mal gespielt
  • Das Durchschnittsergebnis liegt bei 4 aus 10
Antwortstatistiken
Platz Filmtitel % Korrekt
#1 Avatar
94%
#5 The Avengers
53%
#2 Avengers: Endgame
47%
#3 Avatar: The Way of Water
45%
#6 Avengers: Age of Ultron
43%
#4 Avengers: Infinity War
42%
#10 Ant-Man and the Wasp
17%
#7 Aquaman
13%
#8 Aladdin
11%
#9 Alice im Wunderland
9%
Keine übereinstimmenden Quizze gefunden
Verteilung der Resultate
Anzahl Personen mit jedem Resultat
Perzentil nach korrekt beantworteten Fragen
Ihre Resultats-Entwicklung
Sie haben dieses Quiz noch nicht gespielt